ग्राहक संरक्षण (Record no. 141089)

MARC details
000 -LEADER
fixed length control field 00538nam a2200181Ia 4500
008 - FIXED-LENGTH DATA ELEMENTS--GENERAL INFORMATION
fixed length control field 090124s9999 xx 000 0 und d
082 ## - DEWEY DECIMAL CLASSIFICATION NUMBER
Item number 27624
Classification number 1829
100 ## - MAIN ENTRY--PERSONAL NAME
Personal name ओक सुनेत्रा.
245 ## - TITLE STATEMENT
Title ग्राहक संरक्षण
250 ## - EDITION STATEMENT
Edition statement 1
260 ## - PUBLICATION, DISTRIBUTION, ETC. (IMPRINT)
Date of publication, distribution, etc 1994
300 ## - PHYSICAL DESCRIPTION
Extent 56
600 ## - SUBJECT ADDED ENTRY--PERSONAL NAME
Personal name ओक सुनेत्रा.
630 ## - SUBJECT ADDED ENTRY--UNIFORM TITLE
Uniform title ग्राहक संरक्षण
700 ## - ADDED ENTRY--PERSONAL NAME
Personal name ओक सुनेत्रा.
730 ## - ADDED ENTRY--UNIFORM TITLE
Uniform title ग्राहक संरक्षण
942 ## - ADDED ENTRY ELEMENTS (KOHA)
Koha item type Book
Holdings
Withdrawn status Lost status Damaged status Not for loan Home library Current library Date acquired Cost, normal purchase price Total Checkouts Full call number Barcode Date last seen Cost, replacement price Price effective from Koha item type
        Marathi Granth Sangrahalaya,Thane Marathi Granth Sangrahalaya,Thane   15.00   27624 THNMGS-27624 01/24/2009 15.00 01/24/2009 Book